| 000 | 00982cam a22003015i 4500 | ||
|---|---|---|---|
| 001 | 016784165 | ||
| 003 | EG-ScBUE | ||
| 005 | 20230111123122.0 | ||
| 008 | 140709t2014 ohuo f 000 0 eng d | ||
| 020 | _a9781440332951 (pbk.) | ||
| 020 | _a1440332959 | ||
| 040 |
_aStDuBDS _beng _erda _cStDuBDS _dEG-ScBUE |
||
| 082 | 0 | 4 |
_a751.46 _222 _bSEG |
| 100 | 1 |
_aSeggebruch, Patricia, _eauthor. _938338 |
|
| 245 | 1 | 0 |
_aEncaustic revelation : _bcutting-edge techniques from the masters of Encausticamp / _cPatricia Baldwin Seggebruch. |
| 264 | 1 |
_aCincinnati, Ohio : _bNorth Light Books, _c[2014] |
|
| 264 | 4 | _cc2014 | |
| 300 |
_a126 pages : _bphotographs ; _c28 cm |
||
| 336 |
_2rdacontent _atext _btxt |
||
| 337 |
_2rdamedia _aunmediated _bn |
||
| 338 |
_2rdacarrier _avolume _bnc |
||
| 650 | 7 |
_aEncaustic painting. _2BUEsh |
|
| 650 | 7 |
_aEncaustic painting _xTechnique. _2BUEsh |
|
| 651 | _2BUEsh | ||
| 653 |
_bCOMAME _cJune2015 _cAugust2015 |
||
| 655 | _vReading book | ||
| 942 |
_2ddc _cBB |
||
| 999 |
_c19677 _d19649 |
||